| 000 | 00508cam a22002051 4500 | ||
|---|---|---|---|
| 001 | sa 67000619 | ||
| 003 | DLC | ||
| 005 | 20260227112316.0 | ||
| 008 | 890906s1966 ii a 000 0 hino | ||
| 010 | _asa 67000619 | ||
| 035 | _a(OCoLC)20306174 | ||
| 040 |
_aDLC _cWaU _dDLC |
||
| 042 | _apremarc | ||
| 050 | 0 | 0 |
_aPK2098.V863 _bR3 |
| 100 | 1 |
_aVyāsa, Gopālaprasāda, _d1916- |
|
| 245 | 1 | 0 | _aRaṅga-jaṅga aura vyaṅga. |
| 260 | _c[1966] | ||
| 300 |
_a143 p. _billus. _c23 cm. |
||
| 500 | _aIn Hindi. | ||
| 999 |
_c72091 _d72091 |
||